ბათუმის შოთა რუსთაველის სახელმწიფო უნივერსიტეტის ბიბლიოთეკა

Математические модели планирования в экономических системах (ბიბ.ჩანაწერი № 48032)

000 -LEADER
fixed length control field 00729nam a2200217Ia 4500
001 - CONTROL NUMBER
control field 14912
003 - CONTROL NUMBER IDENTIFIER
control field GE_BSU
008 - FIXED-LENGTH DATA ELEMENTS--GENERAL INFORMATION
fixed length control field 181216s||||||||xx |||||||||||||| ||und||
040 ## - CATALOGING SOURCE
Transcribing agency GE_BSU
080 ## - UNIVERSAL DECIMAL CLASSIFICATION NUMBER
Universal Decimal Classification number 519.6
100 ## - MAIN ENTRY--PERSONAL NAME
Personal name Браверман,Э.М.
245 ## - TITLE STATEMENT
Title Математические модели планирования в экономических системах
245 ## - TITLE STATEMENT
Statement of responsibility, etc. Под.ред.С.В.Емельянова
260 ## - PUBLICATION, DISTRIBUTION, ETC.
Place of publication, distribution, etc. Москва
260 ## - PUBLICATION, DISTRIBUTION, ETC.
Name of publisher, distributor, etc. Наука
260 ## - PUBLICATION, DISTRIBUTION, ETC.
Date of publication, distribution, etc. 1976
300 ## - PHYSICAL DESCRIPTION
Extent 366стр.20см.
300 ## - PHYSICAL DESCRIPTION
Accompanying material Указатель стр.363-366
653 ## - INDEX TERM--UNCONTROLLED
Uncontrolled term Математические модели планирования в экономических системах
942 ## - ADDED ENTRY ELEMENTS (KOHA)
Koha item type წიგნი
ეგზემპლარები
Withdrawn status Lost status Damaged status Not for loan Date acquired Barcode Date last seen Price effective from Koha item type
        2018-12-17 18191 2018-12-17 2018-12-17 წიგნი